Guess the Conan Gray song with no hints ~3 - Statistics

General Stats
  • This quiz has been taken 229 times
  • The average score is 152 of 253
Answer Stats
Answer % Correct
I
98%
i
98%
a
96%
you
96%
me
90%
the
89%
And
84%
and
84%
When
84%
when
84%
we
83%
he
81%
your
81%
Do
78%
No
76%
then
74%
in
72%
love"
71%
my
71%
look
70%
it's
69%
"It's
69%
to
69%
like
68%
that
66%
you're
66%
I'm
65%
at
64%
of
63%
think
63%
we're
63%
don't
62%
Don't
62%
not
61%
just
60%
see
60%
But
59%
his
58%
know
58%
eyes
57%
mine
57%
Can't
56%
can't
56%
go
56%
did
55%
lookalike
53%
all
51%
back
51%
Cause
50%
cause
50%
mind
50%
this
50%
I'll
49%
head
46%
night
45%
I've
44%
lie
44%
he's
43%
now
43%
been
42%
cross
42%
Baby
41%
movie
41%
time
41%
how
40%
looks
40%
lot
40%
smile
40%
need
39%
about
38%
instead
38%
met
38%
every
37%
won
37%
Let's
35%
you've
35%
maybe
34%
Maybe
34%
try
34%
find
33%
from
33%
really
33%
summer
32%
done
31%
hope
31%
city
29%
lights
29%
sometimes
29%
admit
28%
already
28%
gone
28%
might
28%
what's
28%
erase
27%
everyday
26%
Kissin'
26%
Sayin'
26%
since
26%
underneath
26%
well
26%
another
25%
compete
25%
dying
25%
line
25%
arms
24%
fooling
24%
guy's
24%
honey
24%
redo
24%
hide
23%
matter
23%
almost
22%
layin'
22%
No matching quizzes found
Score Distribution
Percent of People with Each Score
Percentile by Number Answered
Your Score History
You have not taken this quiz